000 00734nam a2200253Ia 4500
001 Para_2487
003 CHAP
008 220125s1985 xx 000 0 und d
010 _a201059
040 _cCHAP
082 _aPA 574.193 F47
100 _aFerrone, Soldano
_940438
245 _aHandbook of monoclonal antibodies :
_b applications in biology and medicine /
_c by Soldano Ferrone, Manfred P. Dierich
260 _aPark Ridge, N. J. :
_b Noyes Publications
300 _a477 p.
650 _aAntígenos y anticuerpos
_96080
901 _aPA 574.193 F47
902 _aA
905 _a0000001985 PARa 0000000000 00
910 _a1985
942 _cPARA
942 _cPARA
_d1
999 _c201059
_d201059